Kraje do których polacy mogą dostać się bez wizy - Statystyki

Ogólne statystyki
  • Ten quiz został rozwiązany 71 razy
    65 od ostatniego zresetowania
  • Średni wynik to 75 z 123
Statystyki odpowiedzi
Kontynent Państwo % Poprawnych
Europa Niemcy
98%
Europa Norwegia
94%
Ameryka Płn. Kanada
92%
Ameryka Płd. Brazylia
90%
Europa Estonia
90%
Europa Finlandia
90%
Europa Francja
90%
Europa Hiszpania
90%
Europa Łotwa
90%
Europa Portugalia
90%
Europa Szwecja
90%
Europa Ukraina
90%
Azja Japonia
88%
Europa Litwa
88%
Ameryka Płd. Argentyna
85%
Europa Austria
85%
Europa Belgia
85%
Europa Białoruś
85%
Europa Chorwacja
85%
Europa Dania
85%
Europa Grecja
85%
Ameryka Płn. Meksyk
85%
Ameryka Płn. Stany Zjednoczone
85%
Europa Andora
83%
Europa Czechy
83%
Europa Irlandia
83%
Europa Słowacja
83%
Europa Wielka Brytania
83%
Europa Albania
81%
Oceania Australia
81%
Azja Korea Południowa
81%
Europa Holandia
79%
Europa Luksemburg
79%
Europa Włochy
79%
Ameryka Płd. Chile
77%
Afryka Maroko
77%
Europa Bułgaria
75%
Europa Watykan
75%
Europa Bośnia i Hercegowina
73%
Europa Islandia
73%
Azja Kazachstan
73%
Ameryka Płd. Kolumbia
73%
Europa Liechtenstein
73%
Europa San Marino
73%
Europa Serbia
73%
Europa Słowenia
73%
Europa Węgry
73%
Europa Macedonia Północna
71%
Europa Mołdawia
71%
Europa Rumunia
71%
Europa Szwajcaria
71%
Afryka Tunezja
71%
Azja Turcja
71%
Ameryka Płd. Boliwia
69%
Azja Cypr
69%
Azja Izrael
69%
Oceania Nowa Zelandia
69%
Afryka Republika Południowej Afryki
69%
Ameryka Płd. Urugwaj
69%
Azja Armenia
67%
Azja Gruzja
67%
Europa (Częściowo Uznawane) Kosowo
67%
Ameryka Płd. Peru
67%
Ameryka Płd. Ekwador
65%
Europa Monako
65%
Europa Czarnogóra
63%
Ameryka Płn. Dominika
63%
Ameryka Płd. Wenezuela
63%
Azja Zjednoczone Emiraty Arabskie
60%
Ameryka Płn. Dominikana
58%
Ameryka Płn. Haiti
58%
Europa Malta
58%
Ameryka Płn. Honduras
56%
Azja Malezja
56%
Ameryka Płn. Panama
56%
Ameryka Płd. Paragwaj
56%
Azja Tajlandia
56%
Azja Uzbekistan
56%
Ameryka Płn. Barbados
54%
Azja (Częściowo Uznawane) Tajwan
54%
Ameryka Płn. Gwatemala
52%
Ameryka Płn. Jamajka
52%
Ameryka Płn. Bahamy
50%
Ameryka Płn. Belize
50%
Ameryka Płn. Nikaragua
50%
Azja Katar
48%
Azja Kirgistan
48%
Azja Pakistan
48%
Azja Tadżykistan
48%
Ameryka Płn. Antigua i Barbuda
46%
Azja Filipiny
46%
Ameryka Płn. Kostaryka
46%
Oceania Fidżi
44%
Oceania Kiribati
44%
Azja Singapur
42%
Ameryka Płn. Grenada
40%
Ameryka Płn. Salwador
40%
Afryka Senegal
40%
Oceania Palau
35%
Ameryka Płn. Trynidad i Tobago
35%
Azja Brunei
33%
Afryka Mauritius
33%
Oceania Wyspy Salomona
33%
Afryka Botswana
31%
Afryka Gambia
31%
Ameryka Płn. Saint Lucia
31%
Oceania Mikronezja
29%
Afryka Republika Zielonego Przylądka
27%
Ameryka Płn. Saint Kitts i Nevis
27%
Ameryka Płn. Saint Vincent i Grenadyny
27%
Oceania Samoa
25%
Azja Sri Lanka
25%
Oceania Tuvalu
25%
Oceania Wyspy Marshalla
25%
Azja (Region Administracyjny) Hong Kong
23%
Azja Timor Wschodni
23%
Oceania Tonga
23%
Afryka Eswatini
21%
Oceania Vanuatu
21%
Azja (Częściowo Uznawane) Palestyna
19%
Afryka Wybrzeże Kości Słoniowej
15%
Afryka Wyspy Świętego Tomasza i Książęca
8%
Azja (Region Administracyjny) Makao
6%
Nie znaleziono quizów pasujących do podanych kryteriów
Rozkład punktacji
Procent ludzi z każdym wynikiem
Percentyl według liczby udzielonych odpowiedzi
Twoja historia wyników
Nie rozwiązałeś tego quizu od ostatniego zresetowania